|
|
|
|
| LEADER |
04117nam a22004213i 4500 |
| 001 |
EBC30611293 |
| 003 |
MiAaPQ |
| 005 |
20231204023231.0 |
| 006 |
m o d | |
| 007 |
cr cnu|||||||| |
| 008 |
231204s2023 xx o ||||0 eng d |
| 020 |
|
|
|a 9783031329791
|q (electronic bk.)
|
| 020 |
|
|
|z 9783031329784
|
| 035 |
|
|
|a (MiAaPQ)EBC30611293
|
| 035 |
|
|
|a (Au-PeEL)EBL30611293
|
| 040 |
|
|
|a MiAaPQ
|b eng
|e rda
|e pn
|c MiAaPQ
|d MiAaPQ
|
| 050 |
|
4 |
|a HD30.3-.36
|
| 082 |
0 |
|
|a 658.45
|
| 100 |
1 |
|
|a Bengtson, Erik.
|
| 245 |
1 |
4 |
|a The Virtues of Green Marketing :
|b A Constructive Take on Corporate Rhetoric.
|
| 250 |
|
|
|a 1st ed.
|
| 264 |
|
1 |
|a Cham :
|b Springer International Publishing AG,
|c 2023.
|
| 264 |
|
4 |
|c ©2023.
|
| 300 |
|
|
|a 1 online resource (173 pages)
|
| 336 |
|
|
|a text
|b txt
|2 rdacontent
|
| 337 |
|
|
|a computer
|b c
|2 rdamedia
|
| 338 |
|
|
|a online resource
|b cr
|2 rdacarrier
|
| 490 |
1 |
|
|a Rhetoric, Politics and Society Series
|
| 505 |
0 |
|
|a Intro -- Prologue -- Preface -- Funding -- Contents -- Chapter 1: Introduction: A New Framework for Green Marketing -- 1.1 Sins and Virtues -- 1.2 Positioning and Some Key Concepts -- 1.3 Overview of This Book -- References -- Chapter 2: A Constructive Turn: Toward Harnessing the Potential of Green Promises -- References -- Chapter 3: Institutional Theory and Green Legitimation -- 3.1 Organizational Legitimacy -- 3.2 The Institutional Paradigm -- 3.3 Some Strategies for Gaining Legitimacy -- References -- Chapter 4: Attempts at Co-reading Institutional and Rhetorical Theory -- 4.1 Further Correlating Legitimacy Theory and Ethos Analysis -- 4.2 The Aristotelian Paradigm-Dominant Albeit Deficient -- 4.3 Appearances, Doxa, and the Amorality of Rhetoric -- References -- Chapter 5: Revisiting the Rhetorical Tradition and Acquainting Ourselves with the Virtuous Orator -- 5.1 Isocrates: Rhetorical Action for the Civic Good -- 5.2 Cicero on Harmonious Propriety, and Quintilian on Character Development -- 5.3 Lessons from Classical Rhetoric -- References -- Chapter 6: From the Sins of Greenwashing to the Virtues of Green Marketing -- 6.1 Taking Stock: The Traditional Virtues -- 6.2 Developing the Scheme: Flipping the Sins -- 6.3 Green Marketing as Climate Communication -- References -- Chapter 7: Some Implications for Law -- 7.1 On Possible Venues for Legal Development -- 7.2 Regulatory Development Is Only Part of the Solution -- References -- Chapter 8: The Framework of Virtue Critique -- 8.1 Introduction -- 8.2 Analytical Principles for Virtue Critique -- 8.2.1 Principle 1-The Principle of Situationality -- 8.2.2 Principle 2-The Principle of Multiple Motives -- 8.2.3 Principle 3-The Principle of Multiple Effects -- 8.2.4 Principle 4-The Principle of Multiple Audiences -- 8.2.5 Principle 5-The Principle of Prudence and Transparency.
|
| 505 |
8 |
|
|a 8.3 Further Reflections on Audience Construction -- References -- Chapter 9: Exploring the Virtue Framework: Environmental Labels, Clean Clothes, and Green Energy Capitalism -- 9.1 Putting the Framework to Use -- 9.2 Ecolabels: The Strategies and Struggles of Standardization -- 9.3 Clean Clothes, Circular Economy, and the Speed of Fashion -- 9.4 Balanced Corporate Rhetoric: Challenges and Possibilities in Marketing Energy -- References -- Chapter 10: Green Marketing as Manifest Performance of Ethical Judgment -- References -- References -- Index.
|
| 588 |
|
|
|a Description based on publisher supplied metadata and other sources.
|
| 590 |
|
|
|a Electronic reproduction. Ann Arbor, Michigan : ProQuest Ebook Central, 2023. Available via World Wide Web. Access may be limited to ProQuest Ebook Central affiliated libraries.
|
| 655 |
|
4 |
|a Electronic books.
|
| 700 |
1 |
|
|a Mossberg, Oskar.
|
| 776 |
0 |
8 |
|i Print version:
|a Bengtson, Erik
|t The Virtues of Green Marketing
|d Cham : Springer International Publishing AG,c2023
|z 9783031329784
|
| 797 |
2 |
|
|a ProQuest (Firm)
|
| 830 |
|
0 |
|a Rhetoric, Politics and Society Series
|
| 856 |
4 |
0 |
|u https://ebookcentral.proquest.com/lib/matrademy/detail.action?docID=30611293
|z Click to View
|